| 000 | 00595nam a2200229Ia 4500 | ||
|---|---|---|---|
| 003 | OSt | ||
| 005 | 20221005115126.0 | ||
| 006 | a|||||r|||| 00| 0 | ||
| 007 | ta | ||
| 008 | 221004b |||||||| |||| 00| 0 hin d | ||
| 024 | _a19445 | ||
| 037 | _cTextual | ||
| 040 |
_aCRL _cCRL _bhin |
||
| 041 |
_2hin _ahin |
||
| 082 | _aY5923:1:2, 152N0 | ||
| 100 |
_aShukl Devendar Nath _9627150 |
||
| 245 | 0 | _aBrahman samaj ka itihasik anusheelan | |
| 260 | _c1990 | ||
| 650 | _aSOCIOLOGY | ||
| 942 |
_hY5923:1:2, 152N0 _cTEXL _2cc |
||
| 999 |
_c1033483 _d1033483 |
||